| 000 | 00508nam a2200157 a 4500 | ||
|---|---|---|---|
| 008 | 120416s1983 ||||||||||||||||| || u | ||
| 020 | _a0070649715 | ||
| 050 | _aQC 23 Tip | ||
| 100 | _aTippens, Paul E | ||
| 245 | 1 | 0 | _aBasic technical physics |
| 260 |
_aNew York: _bMcGraw-Hill _c1983 |
||
| 300 | _avii, 502p. : ill | ||
| 350 | _a0.00 | ||
| 650 | 0 | _aPHYSICS | |
| 995 |
_D0.00 _FCBU-MAIN LIBRARY (Kitwe) _H1 _I26.95 _M1 _UDAMAGED _ZMain Library Open Access Collection |
||
| 999 |
_c35630 _d35630 |
||